| 000 | 00533nam a2200217Ia 4500 | ||
|---|---|---|---|
| 003 | 0100 | ||
| 008 | 130303s9999 xx 000 0 und d | ||
| 020 | _a702138193 | ||
| 040 | _cARRUPELIB | ||
| 050 | _aLB1775.4.S6L461997 | ||
| 100 | _aLemmer, Eleanor M | ||
| 245 | _aIntroduction to education for South African teachers | ||
| 245 | _ban orientation to teaching practice | ||
| 260 | _aKenwyn | ||
| 260 | _bJuta | ||
| 260 | _C1997 | ||
| 300 | _avii | ||
| 300 | _b 460p.26cm. | ||
| 700 | _aEleanor Lemmer M | ||
| 942 | 0 | 0 | _02 |
| 999 |
_c11970 _d11970 |
||